[Event "SVK-chT3A2 0607"]
[Site "Slovakia"]
[Date "2006.11.05"]
[Round "3"]
[White "Sefcik, Marek"]
[Black "Moravcik, Marian"]
[Result "1/2-1/2"]
[WhiteElo "1974"]
[BlackElo "1991"]
[PlyCount "80"]
[EventDate "2006.10.08"]
[EventType "team-tourn"]
[EventRounds "11"]
[EventCountry "SVK"]
[SourceTitle "EXT 2008"]
[Source "ChessBase"]
[SourceDate "2007.11.25"]
[SourceVersion "1"]
[SourceVersionDate "2007.11.25"]
[SourceQuality "1"]
[WhiteTeam "Holic"]
[BlackTeam "Piestany Kupele II"]
[WhiteTeamCountry "SVK"]
[BlackTeamCountry "SVK"]

1. a3 Nf6 2. Nc3 c5 3. e4 d6 4. f4 Nbd7 5. Nf3 e6 6. Be2 a6 7. 0-0 Qc7 8. d3 Be7 9. Qe1 b6 10. Ng5 h6 11. Nh3 Bb7 12. f5 e5 13. Bf3 0-0-0 14. Be3 g5 15. fxg6 fxg6 16. Nd5 Nxd5 17. exd5 Nf6 18. c4 Kb8 19. Nf2 Bc8 20. b4 g5 21. bxc5 dxc5 22. Ne4 Nxe4 23. Bxe4 Rdf8 24. Rb1 Rxf1+ 25. Kxf1 Rf8+ 26. Kg1 Ka7 27. Qe2 Qd6 28. Rf1 Rxf1+ 29. Qxf1 Qf6 30. Qxf6 Bxf6 31. Kf2 Kb8 32. Bg6 Kc7 33. Kf3 Kd6 34. Ke4 Bg4 35. Bf5 Be2 36. Bc8 a5 37. h4 Bf1 38. Bh3 Be7 39. Bd2 Bf6 40. h5 Bg7 1/2-1/2

[Event "SVK-chT1W 0304"]
[Site "Slovakia"]
[Date "2003.??.??"]
[Round "1"]
[White "Moravcik, Marian"]
[Black "Kralovic, Andrej"]
[Result "1/2-1/2"]
[WhiteElo "2070"]
[BlackElo "2060"]
[PlyCount "115"]
[EventDate "2003.10.??"]
[EventType "team-tourn"]
[EventRounds "9"]
[EventCountry "SVK"]
[SourceTitle "EXT 2007"]
[Source "ChessBase"]
[SourceDate "2006.11.23"]
[SourceVersion "1"]
[SourceVersionDate "2006.11.23"]
[SourceQuality "1"]

1. e4 c6 2. d4 d5 3. e5 Bf5 4. Ne2 e6 5. Ng3 Bg6 6. h4 h6 7. h5 Bh7 8. Bd3 Bxd3 9. Qxd3 Qa5+ 10. c3 Qa6 11. Qf3 c5 12. Ne2 Ne7 13. g4 cxd4 14. cxd4 Nbc6 15. Bd2 Qb6 16. Bc3 Nb4 17. Bxb4 Qxb4+ 18. Qc3 Nc6 19. a3 Qa4 20. Nd2 Bb4 21. Qd3 Na5 22. Rd1 Bxd2+ 23. Rxd2 a6 24. 0-0 Rc8 25. f4 Qb3 26. Rc1 0-0 27. Rc3 Rxc3 28. Qxc3 Qxc3 29. Nxc3 Nc4 30. Re2 b5 31. Kf2 Rc8 32. Na2 Nb6 33. Nb4 a5 34. Na6 Nd7 35. b4 axb4 36. axb4 Rc4 37. Nc5 Nb6 38. Ke3 Rxb4 39. f5 Na4 40. fxe6 Nxc5 41. exf7+ Kxf7 42. dxc5 Rxg4 43. Rc2 Re4+ 44. Kd3 Ke7 45. c6 Kd8 46. e6 Rxe6 47. Kd4 Kc7 48. Rc5 g5 49. hxg6 Rxg6 50. Rxb5 Rg4+ 51. Kc5 d4 52. Rb7+ Kc8 53. Rh7 d3 54. Rxh6 d2 55. Rh8+ Kc7 56. Rh7+ Kc8 57. Rd7 Rg1 58. Rxd2 1/2-1/2

[Event "SVK-chT2W 0102"]
[Site "Slovakia"]
[Date "2002.02.17"]
[Round "9.7"]
[White "Chovanec, Vladimir"]
[Black "Moravcik, Marian"]
[Result "1-0"]
[WhiteElo "2011"]
[BlackElo "1848"]
[PlyCount "101"]
[EventDate "2001.10.??"]
[EventType "team-tourn"]
[EventRounds "11"]
[EventCountry "SVK"]
[SourceTitle "EXT 2006"]
[Source "ChessBase"]
[SourceDate "2005.11.24"]
[SourceVersion "1"]
[SourceVersionDate "2005.11.24"]
[SourceQuality "1"]

1. e4 c5 2. Nf3 Nc6 3. d3 g6 4. g3 Bg7 5. Bg2 d6 6. 0-0 Qc7 7. c3 e6 8. a4 Nge7 9. Na3 a6 10. Be3 b6 11. Rc1 Rb8 12. d4 0-0 13. Qd2 Na5 14. Qd1 c4 15. Nd2 Bd7 16. Rb1 Rfc8 17. d5 e5 18. f4 f6 19. fxe5 fxe5 20. Bg5 Re8 21. Qf3 Rf8 22. Qe2 Bxa4 23. Ndxc4 Nxc4 24. Qxc4 Rxf1+ 25. Bxf1 Qxc4 26. Nxc4 Nc8 27. Nd2 a5 28. b4 axb4 29. Rxb4 Bc2 30. Be3 Bf8 31. Rb2 Ba4 32. Nc4 b5 33. Na3 b4 34. cxb4 Kf7 35. Be2 Nb6 36. b5 Nd7 37. Rb4 Ra8 38. b6 Bd1 39. Bxd1 Rxa3 40. Kf2 Be7 41. b7 Nb8 42. Bb6 Bg5 43. Rb3 Ra2+ 44. Be2 Ke8 45. Bc7 Nd7 46. Bxd6 Bf6 47. b8Q+ Nxb8 48. Bxb8 Kd7 49. d6 h5 50. h4 Bd8 51. Kf3 1-0

[Event "SVK-chT2W 0102"]
[Site "Slovakia"]
[Date "2001.10.21"]
[Round "2.7"]
[White "Raczko, Peter"]
[Black "Moravcik, Marian"]
[Result "1-0"]
[WhiteElo "1954"]
[BlackElo "1848"]
[PlyCount "87"]
[EventDate "2001.10.??"]
[EventType "team-tourn"]
[EventRounds "11"]
[EventCountry "SVK"]
[SourceTitle "EXT 2006"]
[Source "ChessBase"]
[SourceDate "2005.11.24"]
[SourceVersion "1"]
[SourceVersionDate "2005.11.24"]
[SourceQuality "1"]

1. e4 c5 2. c3 Nf6 3. e5 Nd5 4. d4 cxd4 5. cxd4 d6 6. Nf3 a6 7. Bc4 Nb6 8. Bb3 d5 9. Bg5 Bg4 10. Qd3 Qd7 11. Nc3 e6 12. 0-0 Be7 13. Bxe7 Qxe7 14. Nd2 0-0 15. Rac1 N8d7 16. Ne2 Rfc8 17. Ng3 Qg5 18. f4 Qg6 19. Rxc8+ Rxc8 20. f5 Qg5 21. h3 Bh5 22. fxe6 fxe6 23. Nxh5 Qxh5 24. Bd1 Qe8 25. Bg4 Qe7 26. Qa3 Qe8 27. Qd6 Rc6 28. Qb4 h6 29. a4 Nc4 30. Nxc4 Rxc4 31. Qxb7 Rxd4 32. Rc1 Rc4 33. Rxc4 dxc4 34. Qxa6 Nxe5 35. Qxe6+ Qxe6 36. Bxe6+ Kf8 37. a5 Nc6 38. a6 c3 39. bxc3 Ke7 40. Bd5 Na7 41. Bb7 Kd6 42. Kf2 Kc5 43. Ke3 Kc4 44. Kf4 1-0